Líricos griegos: elegiacos y yambógrafos arcaicos siglos VII-V a.c
Сохранить в:
| Главный автор: | |
|---|---|
| Формат: | |
| Язык: | испанский |
| Опубликовано: |
Barcelona
Alma Mater
1959
|
| Серии: | Colección Hispánica de Autores griegos y latinos
|
| Предметы: | |
| Метки: |
Добавить метку
Нет меток, Требуется 1-ая метка записи!
|
MARC
| LEADER | 00000nam a2200000 a 4500 | ||
|---|---|---|---|
| 001 | UCT6406 | ||
| 003 | CL-VaPUC | ||
| 008 | 970113e19590000SP |||||||||||||||||spa|d | ||
| 082 | 0 | 4 | |a 881 |b ADR |2 21 |
| 100 | 0 | |a Adrados, Francisco R |e author |9 376589 | |
| 245 | 1 | 0 | |a Líricos griegos: elegiacos y yambógrafos arcaicos siglos VII-V a.c |
| 300 | |a v | ||
| 942 | |c BK | ||
| 945 | |d 19970113 00:00:00 |a rbrito | ||
| 260 | |a Barcelona |b Alma Mater |c 1959 | ||
| 650 | 0 | |a Poesía griega |9 265627 | |
| 583 | |a last modification |c 19970113 00:00:00 |k Rodrigo Vera | ||
| 490 | 0 | |a Colección Hispánica de Autores griegos y latinos | |
| 999 | |c 255116 |d 255114 | ||
| 952 | |0 0 |1 0 |4 0 |6 881_000000000000000_ADR_1959 |7 0 |8 P |9 277211 |a BIBARQ |b BIBARQ |d 2019-11-19 |h v.2 |i 3274780 |o 881 ADR 1959 |p 3274780 |r 2025-01-20 |w 2019-11-19 |y BK |k ARQ | ||
| 952 | |0 0 |1 0 |4 0 |6 881_000000000000000_ADR_1959 |7 0 |8 P |9 277212 |a BIBARQ |b BIBARQ |d 2019-11-19 |h v.1 |i 2649861 |o 881 ADR 1959 |p 2649861 |r 2025-01-20 |w 2019-11-19 |y BK |k ARQ | ||